[Event "NOR-chT Eliteserien 2018-19"]
[Site "Norway"]
[Date "2019.01.13"]
[Round "6"]
[White "Nordquelle, Daniel"]
[Black "Machlik, Monika"]
[Result "1/2-1/2"]
[WhiteElo "2235"]
[BlackElo "2071"]
[Annotator "NA"]
[PlyCount "107"]
[EventDate "2018.11.02"]
[EventType "team-tourn"]
[EventCountry "NOR"]
[SourceTitle "playchess.com"]
[Source "ChessBase"]
[SourceQuality "1"]
[TimeControl "40/5400+30:1800+30"]

1. e4 {[%emt 0:00:00]} c6 {[%emt 0:00:00]} 2. d4 {[%emt 0:00:00]} d5 {[%emt 0:00:00]} 3. e5 {[%emt 0:00:00]} Bf5 {[%emt 0:00:20]} 4. h4 {[%emt 0:00:00]} h5 {[%emt 0:00:29]} 5. c4 {[%emt 0:00:07]} e6 {[%emt 0:00:18]} 6. Nc3 {[%emt 0:00:07]} Ne7 {[%emt 0:00:51]} 7. Nge2 {[%emt 0:00:09]} dxc4 {[%emt 0:00:50]} 8. Ng3 {[%emt 0:00:09]} b5 {[%emt 0:02:28]} 9. Bg5 {[%emt 0:02:35]} Bg6 {[%emt 0:32:28]} 10. Nge4 {[%emt 0:27:15]} Qb6 {[%emt 0:14:37]} 11. Nd6+ {[%emt 0:01:49]} Kd7 {[%emt 0:01:29]} 12. Qf3 {[%emt 0:02:55]} Nf5 {[%emt 0:05:51]} 13. Ncxb5 {[%emt 0:13:55]} Bxd6 {[%emt 0:16:41]} 14. Nxd6 {[%emt 0:01:45]} Nxd4 {[%emt 0:01:08]} 15. Qc3 {[%emt 0:31:02]} Nc2+ {[%emt 0:01:10]} 16. Kd1 {[%emt 0:00:07]} Nxa1 {[%emt 0:06:45]} 17. Be3 {[%emt 0:00:10]} Qc7 {[%emt 0:04:39]} 18. Qd2 {[%emt 0:00:27]} Rd8 {[%emt 0:03:19]} 19. Bxc4 {[%emt 0:02:02]} c5 {[%emt 0:02:35]} 20. Nxf7+ {[%emt 0:02:51]} Ke8 {[%emt 0:02:06]} 21. Nxd8 {[%emt 0:07:18]} Qxd8 {[%emt 0:00:18]} 22. Bb5+ {[%emt 0:00:28]} Nd7 {[%emt 0:00:15]} 23. Qd6 {[%emt 0:01:17]} Qe7 {[%emt 0:01:56]} 24. Qc6 {[%emt 0:00:12]} Rb8 {[%emt 0:00:40]} 25. Bg5 {[%emt 0:02:59]} Rxb5 {[%emt 0:00:38]} 26. Bxe7 {[%emt 0:01:17]} Rb6 {[%emt 0:00:22]} 27. Qa8+ {[%emt 0:01:20]} Rb8 {[%emt 0:00:43]} 28. Qxa7 {[%emt 0:00:33]} Kxe7 {[%emt 0:00:19]} 29. Kc1 {[%emt 0:00:35]} Nc2 {[%emt 0:00:17]} 30. Rh3 {[%emt 0:00:01]} Nd4 {[%emt 0:00:26]} 31. Qa6 {[%emt 0:01:07]} Nxe5 {[%emt 0:00:56]} 32. Rg3 {[%emt 0:00:01]} Kf6 {[%emt 0:00:28]} 33. f4 {[%emt 0:01:09]} Nec6 {[%emt 0:00:27]} 34. b3 {[%emt 0:00:40]} Nb4 {[%emt 0:00:31]} 35. Qd6 {[%emt 0:00:29]} Nbc6 {[%emt 0:00:36]} 36. Kb2 {[%emt 0:00:19]} Rd8 {[%emt 0:00:32]} 37. Qxc5 {[%emt 0:00:15]} Kf7 {[%emt 0:00:28]} 38. Qg5 {[%emt 0:00:45]} Ne7 {[%emt 0:00:15]} 39. Qe5 {[%emt 0:00:23]} Rd5 {[%emt 0:00:36]} 40. Qc7 {[%emt 0:00:30]} Nb5 {[%emt 0:00:38]} 41. Qc4 {[%emt 0:09:55]} Nf5 {[%emt 0:04:23]} 42. Rd3 {[%emt 0:01:09]} Nfd6 {[%emt 0:05:58]} 43. Qxd5 {[%emt 0:04:46]} exd5 {[%emt 0:00:10]} 44. Rxd5 {[%emt 0:00:05]} Be4 {[%emt 0:04:33]} 45. Rxh5 {[%emt 0:00:58]} Bxg2 {[%emt 0:00:56]} 46. a4 {[%emt 0:00:57]} Nc7 {[%emt 0:05:30]} 47. b4 {[%emt 0:01:45]} Nd5 {[%emt 0:05:44]} 48. b5 {[%emt 0:02:58]} Bf3 {[%emt 0:04:07]} 49. Rg5 {[%emt 0:01:03]} Nc4+ {[%emt 0:00:15]} 50. Kb3 {[%emt 0:00:48]} Na5+ {[%emt 0:01:09]} 51. Ka3 {[%emt 0:00:06]} Nc4+ {[%emt 0:00:38]} 52. Kb3 {[%emt 0:00:06]} Na5+ {[%emt 0:00:05]} 53. Ka3 {[%emt 0:00:02]} Nc4+ {[%emt 0:02:14]} 54. Kb3 {[%emt 0:00:30]} 1/2-1/2

[Event "NOR-chT Eliteserien 2018-19"]
[Site "Norway"]
[Date "2019.01.13"]
[Round "6"]
[White "Lund, Gunnar"]
[Black "Djurhuus, Rune"]
[Result "0-1"]
[WhiteElo "2228"]
[BlackElo "2457"]
[Annotator "TA"]
[PlyCount "192"]
[EventDate "2018.11.02"]
[EventType "team-tourn"]
[EventCountry "NOR"]
[SourceTitle "playchess.com"]
[Source "ChessBase"]
[SourceQuality "1"]

{[%evp 9,192,6,15,7,0,0,40,50,62,0,0,-2,0,-3,0,0,0,-21,-19,-20,-23,-23,-19,-14,-20,-43,-15,-27,-22,-37,-45,-36,-31,-46,-41,-39,-7,-20,-2,-39,-50,-129,-129,-126,-124,-132,-135,-131,-120,-124,-124,-168,-158,-162,-151,-154,-154,-158,-142,-218,-228,-222,-100,-102,-106,-106,-95,-97,-97,-95,-90,-102,-86,-95,-96,-89,-8,-121,-122,-129,-129,-128,-125,-133,-126,-176,-135,-156,-129,-269,-97,-97,-97,-97,-97,-97,-96,-90,-97,-90,-8,-8,-8,-8,-8,-8,-8,-142,-142,-142,-142,-533,-383,-699,-677,-8087,-6651,-10654,-11258,-6826,-7997,-4701,-3349,-1891,-1642,-29960,-1557,-1522,-1435,-183,-1081,-1513,-8,-8,-8,-8,-8,-8,-8,-8,0,-8,-8,-8,-8,-8,-8,-8,-8,-8,-8,-8,-8,-8,-8,-68,-8,-8,-8,-8,-8,-8,-8,-8,-8,-29981,-29982,-29982,-29983,-29983,-29984,-29984,-29985,-29985,-29986,-29986,-29987,-29988,-29989,-29989,-29990,-29990,-29991,-29995,-5417]} 1. e4 Nc6 2. d4 d5 3. exd5 Qxd5 4. Be3 e5 5. Nf3 (5. Nc3 Bb4 6. Nf3 exd4 7. Nxd4 Nge7 8. Ndb5 Qe5 9. Qd2 O-O 10. O-O-O Bf5 11. Bf4 Qf6 12. Be2 Bg6 13. Bg3 a6 {½-½ (13) Spoelman,W (2493)-Azarov,S (2600) Budva 2009}) 5... Bg4 6. Be2 {B01: Scandinavian Defence} exd4 {[#]} 7. Nc3 $1 {[%mdl 512]} Bb4 {[%mdl 64] Pin} (7... dxc3 8. Qxd5) 8. O-O $1 {White is slightly better.} Qh5 9. Nxd4 (9. Bxd4 $14 Nf6 10. Bxf6 gxf6 11. Nd4) 9... Bd6 $11 {[%csl Gd6][%cal Rh5h2]} 10. f4 $146 ({Predecessor:} 10. g3 Nf6 11. Nxc6 bxc6 12. Bd4 Bxe2 13. Qxe2+ Qxe2 14. Nxe2 {1-0 (36) Ahmeti,M (2015)-Gazmaga,S (2140) Bayern 1999}) 10... Bxe2 $1 11. Qxe2 Qxe2 12. Ncxe2 Nge7 13. Nb5 O-O-O 14. Rad1 ({Avoid the trap} 14. Nxa7+ $2 Nxa7 15. Bxa7 b6 $19) 14... Nf5 15. Nxd6+ (15. Nxa7+ $2 Nxa7 16. Bxa7 b6 $19) 15... Nxd6 16. Nd4 Nb4 17. c3 Nd5 18. Bc1 Rhe8 19. Rfe1 Rxe1+ 20. Rxe1 c5 21. Nf3 f6 22. Rd1 Nf5 23. Kf2 h5 24. g3 Kc7 25. h3 {[#]} (25. Ne1 $15) 25... Nxc3 $1 $17 {[%mdl 576] Discovered Attack} 26. Rxd8 (26. bxc3 Rxd1) 26... Ne4+ {[%mdl 64] Double Attack} 27. Kg2 Kxd8 {[%mdl 4096] Endgame KBN-KNN} 28. g4 hxg4 29. hxg4 Ne7 30. Nh4 Kd7 31. Kf3 Nd6 32. b3 b5 33. Ng2 Nd5 34. f5 (34. Ne3 $17 Nc3 35. a3) 34... Nf7 35. Bf4 Nxf4 (35... Nb4 $19 36. a3 Nc2) 36. Nxf4 $19 {KN-KN} Ne5+ 37. Ke4 Nxg4 38. Nh5 Kd6 39. Nxg7 Nf2+ 40. Ke3 Nh3 $1 41. Ke4 Ng5+ $1 42. Kf4 Nf7 (42... c4 $17 43. Ne8+ Kd5 44. bxc4+ (44. Nxf6+ Kd4 $15) 44... bxc4 45. Nxf6+ Kd4) 43. Ke4 (43. Nh5 $11 {keeps the balance.}) 43... Kc6 $1 $17 44. Nh5 Nd6+ 45. Kf4 Ne8 46. Ke4 Kd6 47. Nf4 Nc7 $1 48. a3 a6 49. a4 (49. Nh5 $17 {might work better.}) 49... Kc6 $2 (49... c4 $19 50. bxc4 bxa4) 50. axb5+ axb5 51. Nh5 Ne8 52. Ke3 Kd5 53. Nf4+ Ke5 {Threatens to win with ...c4.} 54. Nd3+ Kxf5 (54... Kd6 $1 $17 {Strongly threatening ...Kc6.} 55. Nf4 Ng7) 55. Nxc5 $11 Ke5 56. Nd3+ Kd6 57. Ke4 Ng7 58. Kd4 (58. Nb4 $11) 58... Ne6+ $17 59. Kc3 f5 {[%cal Bf6f5,Bf5f4,Bf4f3][%mdl 32]} 60. Kb4 $2 {[%mdl 8192]} (60. Ne1 $17) 60... Nd4 $1 $19 61. Nf4 $2 (61. Nf2 f4 62. Ne4+ Ke5 63. Nd2) 61... Ke5 62. Ng6+ Kd5 63. Ne7+ Ke4 $1 64. Ng8 f4 65. Nf6+ Kf5 66. Nd5 f3 67. Kc5 Ke4 (67... Nc2 $142 68. Nb4 Nxb4 69. Kd4 f2 70. Kc5 Nc2 71. Kb6 f1=Q 72. Kc6 Qf3+ 73. Kb6 Qc3 74. Ka6 Qc6+ 75. Ka5 Ne3 76. Kb4 Nd5+ 77. Ka3 Qc1+ 78. Ka2 Nc3#) 68. Nf6+ Kd3 69. Ng4 Nxb3+ 70. Kxb5 Ke2 $2 (70... Kd4 $19 {...Nc5 is the strong threat.} 71. Kc6 Nc1) 71. Kc4 $11 Nc1 (71... Na1 {looks sharper.} 72. Kd5 Nc2 73. Ke4 Na3 74. Ke5 Nc4+) 72. Kd5 Nd3 73. Ke6 Nb4 {Black wants to play ...Nc2.} 74. Ke5 Nd3+ 75. Kf5 Nc5 76. Ke5 Nd7+ 77. Kf5 Nb6 78. Ke5 Nc8 {With the idea ...Na7.} 79. Ke6 Na7 80. Ke5 Nb5 {aiming for ...Na3.} 81. Kf4 Nd6 {next ...Nc8 is good for Black.} 82. Kg5 (82. Ke5 $11) 82... Ne4+ (82... Nf7+ $1 $15 83. Kh4 Ne5 $1 {[%mdl 512]}) 83. Kf5 $1 Nd2 {Threatening ...Nb1.} (83... Ng3+ {is interesting.} 84. Kf4 Nh1 85. Nh2 f2 86. Kg4 f1=Q) 84. Kf4 Nc4 85. Ke4 $1 Nd6+ 86. Kf4 Nf7 87. Kg3 $2 {[%mdl 8192] [#]} (87. Ke4 $11) 87... Nh6 $1 {[%mdl 512] Black mates.} 88. Nh2 (88. Nxh6 f2) 88... f2 89. Kf4 Nf7 90. Kf5 Nd6+ 91. Kf4 Nc4 92. Kg3 Ne5 93. Kg2 {[#]} Nf3 $1 {[%mdl 512]} 94. Nf1 (94. Nxf3 f1=Q+) 94... Ne1+ 95. Kh2 Kxf1 96. Kh1 Ke2 {Accuracy: White = 45%, Black = 63%.} 0-1

[Event "NOR-chT Eliteserien 2018-19"]
[Site "Norway"]
[Date "2019.01.13"]
[Round "6"]
[White "Hammerstad, Asmund"]
[Black "Nielsen, Andre"]
[Result "1/2-1/2"]
[WhiteElo "2205"]
[BlackElo "2211"]
[Annotator "NA"]
[PlyCount "64"]
[EventDate "2018.11.02"]
[EventType "team-tourn"]
[EventCountry "NOR"]
[SourceTitle "playchess.com"]
[Source "ChessBase"]
[SourceQuality "1"]
[TimeControl "40/5400+30:1800+30"]

1. d4 {[%emt 0:00:00]} Nf6 {[%emt 0:00:00]} 2. c4 {[%emt 0:00:00]} e6 {[%emt 0:00:00]} 3. Nc3 {[%emt 0:00:09]} Bb4 {[%emt 0:00:17]} 4. Qc2 {[%emt 0:00:27]} O-O {[%emt 0:00:39]} 5. Nf3 {[%emt 0:00:29]} d6 {[%emt 0:03:30]} 6. e4 {[%emt 0:01:35]} e5 {[%emt 0:04:31]} 7. Bd3 {[%emt 0:08:46]} Re8 {[%emt 0:06:33]} 8. d5 {[%emt 0:02:33]} Na6 {[%emt 0:06:25]} 9. a3 {[%emt 0:03:50]} Bxc3+ {[%emt 0:00:35]} 10. Qxc3 {[%emt 0:00:09]} Nc5 {[%emt 0:00:43]} 11. Nd2 {[%emt 0:00:58]} a5 {[%emt 0:08:24]} 12. Bc2 {[%emt 0:02:09]} a4 {[%emt 0:01:13]} 13. O-O {[%emt 0:01:53]} Nh5 {[%emt 0:11:43]} 14. Qf3 {[%emt 0:07:16]} Nf4 {[%emt 0:02:16]} 15. Nb1 {[%emt 0:01:33]} Qg5 {[%emt 0:09:30]} 16. g3 {[%emt 0:03:10]} Nh3+ {[%emt 0:01:28]} 17. Kg2 {[%emt 0:01:29]} Qg6 {[%emt 0:01:03]} 18. Nc3 {[%emt 0:05:11]} Ng5 {[%emt 0:07:35]} 19. Bxg5 {[%emt 0:01:29]} Qxg5 {[%emt 0:00:08]} 20. Qd1 {[%emt 0:00:30]} Bd7 {[%emt 0:02:59]} 21. Kh1 {[%emt 0:03:31]} Bh3 {[%emt 0:02:28]} 22. Rg1 {[%emt 0:00:35]} h5 {[%emt 0:07:08]} 23. f3 {[%emt 0:03:26]} Bd7 {[%emt 0:00:55]} 24. Qe2 {[%emt 0:00:41]} Qh6 {[%emt 0:01:59]} 25. Qf2 {[%emt 0:00:55]} Re7 {[%emt 0:03:00]} 26. Rae1 {[%emt 0:01:21]} Rf8 {[%emt 0:01:17]} 27. Qe2 {[%emt 0:04:09]} b6 {[%emt 0:04:56]} 28. Qd1 {[%emt 0:00:22]} Ra8 {[%emt 0:00:20]} 29. Qe2 {[%emt 0:00:07]} Rae8 {[%emt 0:01:26]} 30. Qd1 {[%emt 0:00:11]} Ra8 {[%emt 0:00:40]} 31. Qe2 {[%emt 0:00:00]} Rae8 {[%emt 0:04:48]} 32. Qd1 {[%emt 0:00:11]} Ra8 {[%emt 0:00:10]} 1/2-1/2

[Event "NOR-chT Eliteserien 2018-19"]
[Site "Norway"]
[Date "2019.01.13"]
[Round "6"]
[White "Lindbol, Aleksander"]
[Black "Rygg, Andreas Gangstad"]
[Result "1/2-1/2"]
[WhiteElo "2204"]
[BlackElo "1869"]
[Annotator "NA"]
[PlyCount "117"]
[EventDate "2018.11.02"]
[EventType "team-tourn"]
[EventCountry "NOR"]
[SourceTitle "playchess.com"]
[Source "ChessBase"]
[SourceQuality "1"]
[TimeControl "40/5400+30:1800+30"]

1. c4 {[%emt 0:00:00]} c5 {[%emt 0:00:00]} 2. Nc3 {[%emt 0:00:02]} Nc6 {[%emt 0:00:04]} 3. g3 {[%emt 0:02:31]} g6 {[%emt 0:00:56]} 4. Bg2 {[%emt 0:00:22]} Bg7 {[%emt 0:00:05]} 5. Nf3 {[%emt 0:00:08]} d6 {[%emt 0:05:04]} 6. O-O {[%emt 0:01:12]} Bd7 {[%emt 0:02:10]} 7. Rb1 {[%emt 0:05:19]} Nf6 {[%emt 0:03:15]} 8. d3 {[%emt 0:00:36]} O-O {[%emt 0:01:30]} 9. a3 {[%emt 0:01:41]} e6 {[%emt 0:15:55]} 10. b4 {[%emt 0:09:53]} b6 {[%emt 0:02:56]} 11. e4 {[%emt 0:02:23]} Rc8 {[%emt 0:07:35]} 12. Nb5 {[%emt 0:24:09]} Qe7 {[%emt 0:05:48]} 13. bxc5 {[%emt 0:03:28]} dxc5 {[%emt 0:02:21]} 14. e5 {[%emt 0:06:14]} Ne8 {[%emt 0:04:51]} 15. Re1 {[%emt 0:02:32]} f6 {[%emt 0:04:09]} 16. exf6 {[%emt 0:01:12]} Bxf6 {[%emt 0:02:25]} 17. Bd2 {[%emt 0:01:42]} Nd6 {[%emt 0:01:20]} 18. Nc3 {[%emt 0:02:28]} Nd4 {[%emt 0:03:03]} 19. Nd5 {[%emt 0:06:47]} Nxf3+ {[%emt 0:04:07]} 20. Qxf3 {[%emt 0:04:29]} Qf7 {[%emt 0:00:34]} 21. Qxf6 {[%emt 0:01:50]} Qxf6 {[%emt 0:00:26]} 22. Nxf6+ {[%emt 0:00:05]} Rxf6 {[%emt 0:00:04]} 23. Bc3 {[%emt 0:00:18]} Rf7 {[%emt 0:00:42]} 24. Re2 {[%emt 0:00:51]} Rd8 {[%emt 0:06:04]} 25. g4 {[%emt 0:01:36]} Bc8 {[%emt 0:03:19]} 26. a4 {[%emt 0:02:31]} Nb7 {[%emt 0:03:53]} 27. Re3 {[%emt 0:01:08]} Rfd7 {[%emt 0:01:00]} 28. Be4 {[%emt 0:02:17]} Nd6 {[%emt 0:00:35]} 29. Bc6 {[%emt 0:00:39]} Rc7 {[%emt 0:01:17]} 30. Bg2 {[%emt 0:00:21]} Nb7 {[%emt 0:01:09]} 31. h4 {[%emt 0:02:05]} Rf7 {[%emt 0:02:13]} 32. Be5 {[%emt 0:02:10]} Rdf8 {[%emt 0:02:13]} 33. f4 {[%emt 0:00:57]} Na5 {[%emt 0:03:43]} 34. h5 {[%emt 0:02:31]} Bd7 {[%emt 0:02:41]} 35. Be4 {[%emt 0:04:14]} Nc6 {[%emt 0:02:02]} 36. hxg6 {[%emt 0:01:24]} hxg6 {[%emt 0:00:06]} 37. Bd6 {[%emt 0:01:31]} Rd8 {[%emt 0:00:06]} 38. Bxg6 {[%emt 0:02:28]} Rg7 {[%emt 0:00:05]} 39. Be4 {[%emt 0:00:01]} Rxg4+ {[%emt 0:01:42]} 40. Kf2 {[%emt 0:00:04]} Be8 {[%emt 0:01:38]} 41. Bf3 {[%emt 0:33:29]} Rg6 {[%emt 0:36:20]} 42. f5 {[%emt 0:00:00]} exf5 {[%emt 0:00:00]} 43. Bf4 {[%emt 0:00:00]} Bd7 {[%emt 0:00:00]} 44. Rh1 {[%emt 0:00:00]} Re8 {[%emt 0:00:00]} 45. Bd5+ {[%emt 0:00:00]} Kg7 {[%emt 0:00:00]} 46. Reh3 {[%emt 0:00:00]} Kf6 {[%emt 0:00:00]} 47. Rh7 {[%emt 0:00:00]} Re7 {[%emt 0:00:00]} 48. R1h6 {[%emt 0:00:00]} Rxh7 {[%emt 0:00:00]} 49. Rxh7 {[%emt 0:00:00]} Rg7 {[%emt 0:00:00]} 50. Rh6+ {[%emt 0:00:25]} Rg6 {[%emt 0:00:00]} 51. Rh8 {[%emt 0:00:04]} Nd4 {[%emt 0:00:00]} 52. Rf8+ {[%emt 0:00:23]} Ke7 {[%emt 0:00:00]} 53. Ra8 {[%emt 0:00:07]} Bxa4 {[%emt 0:00:00]} 54. Rxa7+ {[%emt 0:00:07]} Bd7 {[%emt 0:00:00]} 55. Be5 {[%emt 0:00:07]} Nc6 {[%emt 0:00:00]} 56. Bxc6 {[%emt 0:00:33]} Rxc6 {[%emt 0:00:00]} 57. Rb7 {[%emt 0:00:08]} Ke6 {[%emt 0:00:36]} 58. Bc7 {[%emt 0:00:37]} Bc8 {[%emt 0:00:25]} 59. Rxb6 {[%emt 0:00:18]} 1/2-1/2

[Event "NOR-chT Eliteserien 2018-19"]
[Site "Norway"]
[Date "2019.01.13"]
[Round "6"]
[White "Frisvold, Ole Emil"]
[Black "Moen, Ole Christian"]
[Result "0-1"]
[WhiteElo "2131"]
[BlackElo "2241"]
[Annotator "NA"]
[PlyCount "104"]
[EventDate "2018.11.02"]
[EventType "team-tourn"]
[EventCountry "NOR"]
[SourceTitle "playchess.com"]
[Source "ChessBase"]
[SourceQuality "1"]
[TimeControl "40/5400+30:1800+30"]

1. d4 {[%emt 0:00:00]} Nf6 {[%emt 0:00:00]} 2. Nf3 {[%emt 0:00:00]} g6 {[%emt 0:00:00]} 3. c4 {[%emt 0:00:00]} Bg7 {[%emt 0:00:00]} 4. Nc3 {[%emt 0:00:08]} O-O {[%emt 0:00:23]} 5. g3 {[%emt 0:01:55]} c6 {[%emt 0:03:55]} 6. Bg2 {[%emt 0:01:32]} d5 {[%emt 0:01:31]} 7. Ne5 {[%emt 0:01:54]} Be6 {[%emt 0:04:48]} 8. Qb3 {[%emt 0:00:33]} Qb6 {[%emt 0:04:59]} 9. c5 {[%emt 0:15:16]} Qxb3 {[%emt 0:00:30]} 10. axb3 {[%emt 0:00:30]} Nbd7 {[%emt 0:01:33]} 11. f4 {[%emt 0:04:28]} Nxe5 {[%emt 0:00:06]} 12. fxe5 {[%emt 0:00:29]} Nd7 {[%emt 0:00:05]} 13. O-O {[%emt 0:09:23]} f6 {[%emt 0:02:01]} 14. exf6 {[%emt 0:01:51]} Bxf6 {[%emt 0:01:50]} 15. e3 {[%emt 0:03:38]} Bf5 {[%emt 0:01:00]} 16. Nxd5 {[%emt 0:02:02]} cxd5 {[%emt 0:11:58]} 17. Bxd5+ {[%emt 0:00:11]} e6 {[%emt 0:00:16]} 18. Bxb7 {[%emt 0:00:44]} Rab8 {[%emt 0:00:07]} 19. Rxa7 {[%emt 0:01:40]} Rf7 {[%emt 0:00:30]} 20. c6 {[%emt 0:00:30]} Nb6 {[%emt 0:00:30]} 21. Bd2 {[%emt 0:00:30]} Bh3 {[%emt 0:00:30]} 22. Rf2 {[%emt 0:00:30]} Rbf8 {[%emt 0:00:30]} 23. Ra1 {[%emt 0:00:30]} Nd5 {[%emt 0:00:30]} 24. Re1 {[%emt 0:00:30]} Nc7 {[%emt 0:00:30]} 25. Bb4 {[%emt 0:00:30]} Rd8 {[%emt 0:00:30]} 26. Ba5 {[%emt 0:00:30]} Kg7 {[%emt 0:00:30]} 27. b4 {[%emt 0:00:30]} Rd5 {[%emt 0:00:30]} 28. Bc8 {[%emt 0:00:30]} Nb5 {[%emt 0:00:30]} 29. Bb6 {[%emt 0:00:30]} Rd6 {[%emt 0:00:30]} 30. d5 {[%emt 0:00:30]} Rxd5 {[%emt 0:26:05]} 31. e4 {[%emt 0:51:48]} Bd4 {[%emt 0:00:30]} 32. Bxd4+ {[%emt 0:00:30]} Rxd4 {[%emt 0:05:35]} 33. Rxf7+ {[%emt 0:01:17]} Kxf7 {[%emt 0:00:08]} 34. Ba6 {[%emt 0:01:02]} Rxb4 {[%emt 0:01:53]} 35. Bxb5 {[%emt 0:00:28]} Rxb5 {[%emt 0:00:10]} 36. Rc1 {[%emt 0:00:28]} e5 {[%emt 0:00:30]} 37. Rc2 {[%emt 0:00:30]} Ke7 {[%emt 0:00:18]} 38. Rd2 {[%emt 0:00:40]} Rc5 {[%emt 0:00:23]} 39. b4 {[%emt 0:00:25]} Rxc6 {[%emt 0:00:13]} 40. Rd5 {[%emt 0:00:30]} Rf6 {[%emt 0:00:09]} 41. Rd1 {[%emt 0:01:31]} Rd6 {[%emt 0:01:54]} 42. Rb1 {[%emt 0:02:17]} Rd2 {[%emt 0:00:55]} 43. b5 {[%emt 0:00:15]} Kd7 {[%emt 0:00:05]} 44. b6 {[%emt 0:00:23]} Kc8 {[%emt 0:00:03]} 45. Rb5 {[%emt 0:00:13]} Rg2+ {[%emt 0:00:07]} 46. Kh1 {[%emt 0:00:58]} Rf2 {[%emt 0:00:09]} 47. Rb1 {[%emt 0:00:06]} Kb7 {[%emt 0:00:07]} 48. Rg1 {[%emt 0:01:05]} h5 {[%emt 0:01:08]} 49. g4 {[%emt 0:00:23]} Bxg4 {[%emt 0:00:17]} 50. Rg3 {[%emt 0:00:12]} Rf3 {[%emt 0:00:52]} 51. Rg1 {[%emt 0:01:16]} Rb3 {[%emt 0:00:43]} 52. Rf1 {[%emt 0:00:40]} Bf3+ {[%emt 0:00:11]} 0-1

[Event "NOR-chT Eliteserien 2018-19"]
[Site "Norway"]
[Date "2019.01.13"]
[Round "6"]
[White "Lahlum, Hans Olav"]
[Black "Holm, Kristian Stuvik"]
[Result "0-1"]
[WhiteElo "2122"]
[BlackElo "2468"]
[Annotator "TA"]
[PlyCount "122"]
[EventDate "2018.11.02"]
[EventType "team-tourn"]
[EventCountry "NOR"]
[SourceTitle "playchess.com"]
[Source "ChessBase"]
[SourceQuality "1"]

{[%evp 16,122,27,18,24,7,8,-18,7,2,15,3,7,15,29,9,15,-5,9,0,0,0,0,0,0,-18,-19,-23,-25,-43,-16,-54,-55,-106,-35,-49,-53,-68,-57,-120,-112,-140,-121,-103,-103,-184,-191,-272,-269,-292,-268,-546,-295,-378,-292,-283,-264,-333,-324,-374,-315,-308,0,-374,-372,-401,-342,-352,-350,-377,-371,-513,-499,-527,-527,-548,-557,-460,-388,-400,-400,-448,-354,-362,-296,-378,-380,-403,-395,-449,-436,-481,-464,-475,-468,-448,-455,-537,-476,-504,-463,-492,-509,-611,-636,-881,-966,-881,-853]} 1. d4 Nf6 2. c4 c5 3. d5 b5 4. Qc2 bxc4 5. e4 d6 6. Bxc4 {A57: Benko/Volga Gambit} g6 7. Nc3 Bg7 8. h3 (8. Nf3 Nbd7 9. h3 O-O 10. O-O Rb8 11. Re1 Nh5 12. Be2 Ne5 13. Nxe5 Bxe5 14. Bxh5 gxh5 15. Bh6 Re8 16. Qd2 Kh8 17. Bf4 Bd4 18. Be3 {0-1 (63) Dreev,A (2644)-Perunovic,M (2622) Berlin 2015}) 8... O-O 9. Nf3 {LiveBook: 4 Games} Ba6 10. Bxa6 Nxa6 11. Bf4 Nd7 12. O-O Qb6 13. Qd2 $146 ({Predecessor:} 13. Qe2 Rab8 14. Rab1 Rb7 15. e5 dxe5 16. Nxe5 Nxe5 17. Bxe5 Bxe5 18. Qxe5 {½-½ (45) Kempinski,R (2520)-Delemarre,J (2420) Cappelle-la-Grande 1998}) 13... Rab8 14. Rab1 Nc7 15. Bh6 Qb4 16. Rfe1 (16. a3 {feels hotter.} Qa5 17. Qe3 Nb5 18. Bxg7 Kxg7 19. Rfc1) 16... f6 17. h4 Nb5 18. Nxb5 Qxd2 19. Bxd2 Rxb5 20. b3 Rfb8 21. Bc3 Bh6 22. Rbd1 Kf7 23. Kf1 a5 24. Bd2 (24. Re2 $15) 24... Bg7 ({Black should play} 24... Bxd2 $17 25. Nxd2 {[#]} a4 $1 {[%mdl 512]}) 25. Bc3 Nb6 26. Nd2 a4 $1 27. f4 ({Better is} 27. Ra1 $15) 27... Bh6 $17 28. g3 axb3 29. axb3 f5 30. Ba1 (30. h5 $17) 30... fxe4 $19 31. Nxe4 (31. Kf2 {keeps fighting.}) 31... Rxb3 32. Kg2 Ra8 33. Rf1 $2 {[#]} (33. Kf2 {is a better defense.}) 33... Ra2+ 34. Kh1 Ke8 35. Rfe1 Kd7 36. Bc3 Raa3 37. Bf6 Bf8 ({Less strong is} 37... exf6 38. Nxf6+ Kc8 39. Re8+ Kb7 40. Re7+ Ka6 41. Rxh7 $17) 38. Ba1 Bh6 39. Bf6 $1 {intending Nxc5+!} Re3 ({Not} 39... exf6 40. Nxf6+ Kc8 41. Re8+ Kb7 42. Re7+ Ka6 43. Rxh7 $17) 40. Bb2 Rxe1+ 41. Rxe1 Rb3 42. Ba1 Nxd5 43. Rd1 Kc6 44. Kh2 Re3 45. Nf2 Re2 46. Kg1 Bf8 47. Rb1 Ra2 48. Ne4 h6 49. Bh8 Nb6 50. Nc3 Ra8 51. Ne2 e6 52. Bf6 Nd5 {Black is clearly winning.} 53. Ba1 Be7 54. Re1 Ra3 55. Bb2 Ra2 56. Bc1 Bf6 57. f5 gxf5 58. Bxh6 c4 59. Bc1 Nb4 60. Nf4 Bd4+ 61. Kh1 e5 {Accuracy: White = 24%, Black = 62%.} 0-1

[Event "NOR-chT Eliteserien 2018-19"]
[Site "Norway"]
[Date "2019.01.13"]
[Round "6"]
[White "Soderstrom, Adrian"]
[Black "Vitenberg, Noam Aviv"]
[Result "0-1"]
[WhiteElo "2118"]
[BlackElo "2139"]
[Annotator "NA"]
[PlyCount "70"]
[EventDate "2018.11.02"]
[EventType "team-tourn"]
[EventCountry "NOR"]
[SourceTitle "playchess.com"]
[Source "ChessBase"]
[SourceQuality "1"]
[TimeControl "40/5400+30:1800+30"]

1. d4 {[%emt 0:00:00]} Nf6 {[%emt 0:02:22]} 2. c4 {[%emt 0:00:02]} e6 {[%emt 0:00:27]} 3. Nf3 {[%emt 0:00:08]} d5 {[%emt 0:00:29]} 4. Nc3 {[%emt 0:00:21]} Bb4 {[%emt 0:03:02]} 5. Qb3 {[%emt 0:01:00]} c5 {[%emt 0:07:49]} 6. dxc5 {[%emt 0:00:49]} Na6 {[%emt 0:07:28]} 7. a3 {[%emt 0:01:02]} Bxc3+ {[%emt 0:14:18]} 8. Qxc3 {[%emt 0:00:09]} Nxc5 {[%emt 0:00:42]} 9. cxd5 {[%emt 0:00:28]} Qxd5 {[%emt 0:03:55]} 10. Be3 {[%emt 0:00:28]} Nce4 {[%emt 0:02:24]} 11. Qe5 {[%emt 0:00:14]} Bd7 {[%emt 0:18:42]} 12. Rd1 {[%emt 0:05:32]} Qb3 {[%emt 0:04:59]} 13. Ng5 {[%emt 0:15:57]} Ba4 {[%emt 0:06:19]} 14. Qd4 {[%emt 0:38:50]} Qxd1+ {[%emt 0:00:34]} 15. Qxd1 {[%emt 0:00:01]} Bxd1 {[%emt 0:00:14]} 16. Nxe4 {[%emt 0:00:39]} O-O-O {[%emt 0:08:31]} 17. Nxf6 {[%emt 0:04:20]} gxf6 {[%emt 0:00:58]} 18. Bxa7 {[%emt 0:02:17]} Ba4 {[%emt 0:03:06]} 19. f4 {[%emt 0:02:28]} Rd1+ {[%emt 0:01:04]} 20. Kf2 {[%emt 0:00:02]} Rhd8 {[%emt 0:02:11]} 21. h4 {[%emt 0:03:48]} Rb1 {[%emt 0:00:59]} 22. Bc5 {[%emt 0:01:06]} Rdd1 {[%emt 0:00:58]} 23. Be7 {[%emt 0:00:31]} Rxb2 {[%emt 0:01:26]} 24. Bxf6 {[%emt 0:00:06]} Rb3 {[%emt 0:01:17]} 25. Be7 {[%emt 0:00:32]} Bb5 {[%emt 0:00:57]} 26. g4 {[%emt 0:01:11]} Rbb1 {[%emt 0:00:55]} 27. g5 {[%emt 0:01:11]} Kd7 {[%emt 0:00:51]} 28. Bb4 {[%emt 0:00:16]} Bc6 {[%emt 0:00:42]} 29. Rg1 {[%emt 0:00:19]} Rd4 {[%emt 0:01:14]} 30. Kg3 {[%emt 0:04:24]} Rb3+ {[%emt 0:00:19]} 31. Kg4 {[%emt 0:01:11]} Rd1 {[%emt 0:00:10]} 32. Ba5 {[%emt 0:03:24]} Rbb1 {[%emt 0:00:18]} 33. Rg3 {[%emt 0:00:17]} Rb5 {[%emt 0:02:00]} 34. Bc3 {[%emt 0:01:13]} Rxf1 {[%emt 0:00:07]} 35. Rd3+ {[%emt 0:00:15]} Rd5 {[%emt 0:00:08]} 0-1